BIBLIOTECA Y CENTRO DE DOCUMENTACIÓN
Vista normal Vista MARC
  • MONTERREY (MEXICO)

Entrada Geographic Name

Número de registros utilizados en: 1

001 - CONTROL NUMBER

  • control field: 21005

003 - CONTROL NUMBER IDENTIFIER

  • control field: ar-mounm

005 - DATE AND TIME OF LATEST TRANSACTION

  • control field: 20211123153512.0

008 - FIXED-LENGTH DATA ELEMENTS

  • fixed length control field: 211123|| aca||aabn | a|a d

040 ## - CATALOGING SOURCE

  • Original cataloging agency: AR-MoUNM

151 ## - HEADING--GEOGRAPHIC NAME

  • Geographic name: MONTERREY (MEXICO)
Biblioteca UNM
Universidad Nacional de Moreno
Av. Bme. Mitre Nº 1891 (B1744OHC) Moreno
Provincia de Buenos Aires, República Argentina
(0237) 460-9300 (líneas rotativas)
(011) 2078-9170 (líneas rotativas)
biblioteca@unm.edu.ar
Universidad del Bicentenario Argentino